000 00300nam a2200121Ia 4500
008 241002s9999 xx 000 0 und d
082 _a897.4318 HAF
100 _aHafeez,
245 0 _aShah Nama e Islam (شاہ نامہ اسلام )
260 _aLahore:
_cN/A
600 _aLiterature
942 _cUC
999 _c19020
_d19020